Statistiques concernant Rois et Reines d' Ecosse

Cliquez ici pour prendre le quiz!

Statistiques générales

  • Ce quiz a été pris 382 fois
  • Le résultat moyen est 18 sur 50

Statistiques - réponses

Date de RègneDynastieMonarque% Correct
1542 – 1567Maison Stewart/StuartMarie Ière
91%
1689 – 1694Maison StuartMarie II
91%
1406 – 1437Maison Stewart/StuartJacques Ier
82%
1437 – 1460Maison Stewart/StuartJacques II
82%
1460 – 1488Maison Stewart/StuartJacques III
82%
1488 – 1513Maison Stewart/StuartJacques IV
82%
1513 – 1542Maison Stewart/StuartJacques V
82%
1567 – 1625Maison Stewart/StuartJacques VI
82%
1685 – 1688Maison StuartJacques VII
82%
1625 – 1649Maison Stewart/StuartCharles Ier
69%
1649 – 1651/1660 – 1685Maison Stewart/StuartCharles II
69%
1165 – 1214Maison de DunkeldGuillaume Ier
64%
1689 – 1702Maison StuartGuillaume II
64%
1292 – 1296Maison de BalliolJean
57%
1306 – 1329Maison de BruceRobert Ier
57%
1371 – 1390Maison Stewart/StuartRobert II
57%
1390 – 1406Maison Stewart/StuartRobert III
57%
1702 – 1707Maison StuartAnne
52%
1124 – 1153Maison de DunkeldDavid Ier
27%
1329 – 1371Maison de BruceDavid II
27%
1107 – 1124Maison de DunkeldAlexandre Ier
22%
1214 – 1249Maison de DunkeldAlexandre II
22%
1249 – 1286Maison de DunkeldAlexandre III
22%
1034 – 1040Maison de DunkeldDuncan Ier
22%
1094Maison de DunkeldDuncan II
22%
858 – 862Maison d'AlpinDonald Ier
20%
889 – 900Maison d'AlpinDonald II
20%
1093 – 1094Maison de DunkeldDonald III
20%
1094 – 1097Maison de DunkeldDonald III
20%
1040 – 1057Maison de DunkeldMacbeth
20%
943 – 954Maison d'AlpinMalcolm Ier
20%
1005 – 1034Maison d'AlpinMalcolm II
20%
1058 – 1093Maison de DunkeldMalcolm III
20%
1153 – 1165Maison de DunkeldMalcolm IV
20%
843 – 858Maison d'AlpinKenneth Ier
17%
971 – 995Maison d'AlpinKenneth II
17%
997 – 1005Maison d'AlpinKenneth III
17%
862 – 876Maison d'AlpinConstantin Ier
16%
900 – 943Maison d'AlpinConstantin II
16%
995 – 997Maison d'AlpinConstantin III
16%
1286 – 1290Maison de DunkeldMarguerite
16%
877 – 878Maison d'AlpinÁed
11%
1097 – 1107Maison de DunkeldEdgar
11%
1057 – 1058Maison de DunkeldLulach
10%
962 – 967Maison d'AlpinDubh
9%
878 – 889Maison d'AlpinEochaid
8%
954 – 962Maison d'AlpinIndulf
8%
967 – 971Maison d'AlpinCulen
7%
973 – 977Maison d'AlpinAmlaíb
6%
878 – 889Maison d'AlpinGiric
6%

Distribution des résultats

Percentile par nombre de réponses

% des personnes avec chaque résultat

Votre développement - résultats

Vous n’avez pas pris ce quiz